000 00312nam a2200121Ia 4500
005 20251222152047.0
008 251222s9999||||xx |||||||||||||| ||spa||
082 _a338.181/T46
245 0 _aWorld Food Trade and US Agriculture, 1960 - 1983
250 _a1ra.ed.
264 _bFourth Anual Edición
942 _cLIB
999 _c26285
_d26285